|
|
|
|
| LEADER |
00989nab#a2200361#ar4500 |
| 001 |
000120821 |
| 003 |
SVKKK |
| 005 |
20171108083929.0 |
| 008 |
160812c2016 xo |||||||||||||||b|slo |
| FMT |
|
|
|
| 015 |
|
|
|a SNBRB2017/11
|
| 038 |
|
|
|a SVKKK
|
| 040 |
|
|
|a SVKKK
|b slo
|e AACR2
|
| 041 |
0 |
|
|a slo
|
| 044 |
|
|
|a xo
|c SK
|
| 080 |
|
|
|a 551.44
|x (497.6)
|2 2011
|
| 080 |
|
|
|a 929 Lalkovič, Marcel
|x (497.6)
|2 2011
|
| 100 |
1 |
|
|a Bella, Pavel
|4 aut
|
| 245 |
1 |
0 |
|a Spomienka na Ing. Marcela Lalkoviča, CSc.
|c Pavel Bella, Ľudovít Gaál ; J. Sýkora
|
| 300 |
|
|
|b Fotogr.
|
| 600 |
1 |
4 |
|a Lalkovič, Marcel
|x speleológ
|d [1944]-2016
|
| 650 |
0 |
4 |
|a speleológia
|
| 651 |
|
4 |
|a Slovensko
|
| 700 |
1 |
|
|a Gaál, Ľudovít
|4 aut
|4 pht
|
| 700 |
1 |
|
|a Sýkora, J.
|4 pht
|
| 773 |
0 |
|
|t Aragonit
|g Roč. 21, č. 1-2 (2016), s. 48
|x 1335-213X
|
| 974 |
|
|
|a CER
|
| 992 |
|
|
|a RBX
|
| BAS |
|
|
|
| 852 |
|
|
|a SVKKK
|b BIB
|
| 856 |
4 |
1 |
|u http://www.ssj.sk/user_files/Aragonit_21_2016_web4.pdf
|
| EXP |
|
|
|
| 998 |
|
|
|a GEO
|